<?xml version="1.0" encoding="UTF-8"?>
<record
    xmlns:xsi="http://www.w3.org/2001/XMLSchema-instance"
    xsi:schemaLocation="http://www.loc.gov/MARC21/slim http://www.loc.gov/standards/marcxml/schema/MARC21slim.xsd"
    xmlns="http://www.loc.gov/MARC21/slim">

  <leader>03206cam a2200349 a 4500</leader>
  <datafield tag="999" ind1=" " ind2=" ">
    <subfield code="c">79384</subfield>
    <subfield code="d">316661</subfield>
  </datafield>
  <controlfield tag="001">29388185</controlfield>
  <controlfield tag="003">OCoLC</controlfield>
  <controlfield tag="005">20210304172241.0</controlfield>
  <controlfield tag="008">931105s1995    enka     b    001 0 eng  </controlfield>
  <datafield tag="015" ind1=" " ind2=" ">
    <subfield code="a">GB9522195</subfield>
    <subfield code="2">bnb</subfield>
  </datafield>
  <datafield tag="020" ind1=" " ind2=" ">
    <subfield code="a">0521372453</subfield>
    <subfield code="q">(hardback)</subfield>
  </datafield>
  <datafield tag="020" ind1=" " ind2=" ">
    <subfield code="a">9780521372459</subfield>
    <subfield code="q">(hardback)</subfield>
  </datafield>
  <datafield tag="020" ind1=" " ind2=" ">
    <subfield code="a">0521378508</subfield>
    <subfield code="q">(pbk.)</subfield>
  </datafield>
  <datafield tag="020" ind1=" " ind2=" ">
    <subfield code="a">9780521378505</subfield>
    <subfield code="q">(pbk.)</subfield>
  </datafield>
  <datafield tag="035" ind1=" " ind2=" ">
    <subfield code="a">(OCoLC)29388185</subfield>
    <subfield code="z">(OCoLC)32202761</subfield>
    <subfield code="z">(OCoLC)422838463</subfield>
    <subfield code="z">(OCoLC)495472699</subfield>
    <subfield code="z">(OCoLC)810534346</subfield>
    <subfield code="z">(OCoLC)853648074</subfield>
    <subfield code="z">(OCoLC)855189789</subfield>
    <subfield code="z">(OCoLC)856975003</subfield>
    <subfield code="z">(OCoLC)857840312</subfield>
    <subfield code="z">(OCoLC)858934856</subfield>
    <subfield code="z">(OCoLC)859650457</subfield>
    <subfield code="z">(OCoLC)861544007</subfield>
    <subfield code="z">(OCoLC)862040588</subfield>
    <subfield code="z">(OCoLC)864281392</subfield>
    <subfield code="z">(OCoLC)866836813</subfield>
    <subfield code="z">(OCoLC)866993282</subfield>
    <subfield code="z">(OCoLC)871017543</subfield>
    <subfield code="z">(OCoLC)872341896</subfield>
    <subfield code="z">(OCoLC)874809482</subfield>
    <subfield code="z">(OCoLC)876109455</subfield>
    <subfield code="z">(OCoLC)877789141</subfield>
    <subfield code="z">(OCoLC)878299298</subfield>
    <subfield code="z">(OCoLC)881796688</subfield>
    <subfield code="z">(OCoLC)885142497</subfield>
    <subfield code="z">(OCoLC)889315911</subfield>
    <subfield code="z">(OCoLC)894133776</subfield>
    <subfield code="z">(OCoLC)895132896</subfield>
    <subfield code="z">(OCoLC)895247069</subfield>
    <subfield code="z">(OCoLC)896899769</subfield>
    <subfield code="z">(OCoLC)903345546</subfield>
  </datafield>
  <datafield tag="040" ind1=" " ind2=" ">
    <subfield code="a">DLC</subfield>
    <subfield code="b">eng</subfield>
    <subfield code="c">DLC</subfield>
    <subfield code="d">OBE</subfield>
    <subfield code="d">UKM</subfield>
    <subfield code="d">JNA</subfield>
    <subfield code="d">GZM</subfield>
    <subfield code="d">BAKER</subfield>
    <subfield code="d">BTCTA</subfield>
    <subfield code="d">YDXCP</subfield>
    <subfield code="d">OCLCG</subfield>
    <subfield code="d">BMU</subfield>
    <subfield code="d">SBM</subfield>
    <subfield code="d">UBC</subfield>
    <subfield code="d">DEBBG</subfield>
    <subfield code="d">OCLCQ</subfield>
    <subfield code="d">ZWZ</subfield>
    <subfield code="d">TULIB</subfield>
    <subfield code="d">BDX</subfield>
    <subfield code="d">IG#</subfield>
    <subfield code="d">OCLCO</subfield>
    <subfield code="d">OCLCF</subfield>
    <subfield code="d">NLE</subfield>
    <subfield code="d">OCLCO</subfield>
    <subfield code="d">OCLCQ</subfield>
    <subfield code="d">OCL</subfield>
    <subfield code="d">UtOrBLW</subfield>
  </datafield>
  <datafield tag="050" ind1="0" ind2="0">
    <subfield code="a">QC174.15</subfield>
    <subfield code="b">.S66 1995</subfield>
  </datafield>
  <datafield tag="082" ind1="0" ind2="0">
    <subfield code="a">530.12</subfield>
    <subfield code="2">22</subfield>
    <subfield code="b">SGP</subfield>
  </datafield>
  <datafield tag="100" ind1="1" ind2=" ">
    <subfield code="a">Squires, G. L.</subfield>
    <subfield code="q">(Gordon Leslie)</subfield>
    <subfield code="9">88214</subfield>
  </datafield>
  <datafield tag="245" ind1="1" ind2="0">
    <subfield code="a">Problems in quantum mechanics with solutions /</subfield>
    <subfield code="c">G.L. Squires</subfield>
  </datafield>
  <datafield tag="264" ind1=" " ind2="1">
    <subfield code="a">Cambridge ;</subfield>
    <subfield code="a">New York :</subfield>
    <subfield code="b">Cambridge University Press,</subfield>
    <subfield code="c">1995</subfield>
  </datafield>
  <datafield tag="300" ind1=" " ind2=" ">
    <subfield code="a">ix, 254 pages :</subfield>
    <subfield code="b">illustrations ;</subfield>
    <subfield code="c">24 cm</subfield>
  </datafield>
  <datafield tag="504" ind1=" " ind2=" ">
    <subfield code="a">Includes bibliographical references (page 250) and index</subfield>
  </datafield>
  <datafield tag="505" ind1="0" ind2=" ">
    <subfield code="a">Numerical values -- Fundamentals -- Schrodinger equation -- Orbital angular momentum, hydrogen atom, harmonic oscillator -- Matrices, spin, addition of angular momentum -- Approximation methods, Time-independent perturbation theory, variational method -- Identical particles, multielectron atoms -- Time, time- dependent perturbation theory, transitions -- Scattering, r reactions -- Miscellaneous</subfield>
  </datafield>
  <datafield tag="520" ind1=" " ind2=" ">
    <subfield code="a">Problem solving in physics is not simply a test of understanding the subject, but is an integral part of learning it. In this book, the basic ideas and methods of quantum mechanics are illustrated by means of a carefully chosen set of problems, complete with detailed, step-by-step solutions. After a preliminary chapter on orders of magnitude, a variety of topics is covered, including the postulates of quantum mechanics. Schrodinger's equation, angular momentum, the hydrogen atom, the harmonic oscillator, spin, time-independent and time-dependent perturbation theory, the variational method, identical particles, multielectron atoms, transitions and scattering. Most of the chapters start with a summary of the relevant theory outlining the required background for a given group of problems. Considerable emphasis is placed on examples from atomic, solid-state and nuclear physics, particularly in the latter part of the book as the student's familiarity with the concepts and techniques increases</subfield>
  </datafield>
  <datafield tag="650" ind1=" " ind2="0">
    <subfield code="a">Quantum theory</subfield>
    <subfield code="v">Problems, exercises, etc</subfield>
    <subfield code="9">88215</subfield>
  </datafield>
  <datafield tag="650" ind1=" " ind2="4">
    <subfield code="a">Quantum theory</subfield>
    <subfield code="v">Problems, exercises, etc</subfield>
    <subfield code="9">88215</subfield>
  </datafield>
  <datafield tag="653" ind1="0" ind2=" ">
    <subfield code="a">Quantum theory</subfield>
  </datafield>
  <datafield tag="655" ind1=" " ind2="7">
    <subfield code="a">Problems and exercises.</subfield>
    <subfield code="2">fast</subfield>
    <subfield code="9">88216</subfield>
  </datafield>
  <datafield tag="655" ind1=" " ind2="4">
    <subfield code="a">Aufgabensammlung</subfield>
    <subfield code="9">14462</subfield>
  </datafield>
  <datafield tag="942" ind1=" " ind2=" ">
    <subfield code="2">ddc</subfield>
    <subfield code="c">BOOK</subfield>
  </datafield>
  <datafield tag="952" ind1=" " ind2=" ">
    <subfield code="1">0</subfield>
    <subfield code="2">2021-03-04</subfield>
    <subfield code="4">0</subfield>
    <subfield code="7">0</subfield>
    <subfield code="a">530.12 SGP</subfield>
    <subfield code="d">2021-03-04</subfield>
    <subfield code="h">CL</subfield>
    <subfield code="i">00167052</subfield>
    <subfield code="m">CL</subfield>
    <subfield code="r">2021-03-04 00:00:00</subfield>
    <subfield code="t">BOOK</subfield>
    <subfield code="w">ddc</subfield>
    <subfield code="y">0</subfield>
  </datafield>
  <datafield tag="952" ind1=" " ind2=" ">
    <subfield code="1">0</subfield>
    <subfield code="2">2021-03-04</subfield>
    <subfield code="4">0</subfield>
    <subfield code="7">0</subfield>
    <subfield code="a">530.12 SGP</subfield>
    <subfield code="d">2021-03-04</subfield>
    <subfield code="h">CL</subfield>
    <subfield code="i">00167053</subfield>
    <subfield code="m">CL</subfield>
    <subfield code="r">2021-03-04 00:00:00</subfield>
    <subfield code="t">BOOK</subfield>
    <subfield code="w">ddc</subfield>
    <subfield code="y">0</subfield>
  </datafield>
  <datafield tag="952" ind1=" " ind2=" ">
    <subfield code="1">0</subfield>
    <subfield code="2">2021-03-04</subfield>
    <subfield code="4">0</subfield>
    <subfield code="7">0</subfield>
    <subfield code="a">530.12 SGP</subfield>
    <subfield code="d">2021-03-04</subfield>
    <subfield code="h">CL</subfield>
    <subfield code="i">00167054</subfield>
    <subfield code="m">CL</subfield>
    <subfield code="r">2021-03-04 00:00:00</subfield>
    <subfield code="t">BOOK</subfield>
    <subfield code="w">ddc</subfield>
    <subfield code="y">0</subfield>
  </datafield>
  <datafield tag="952" ind1=" " ind2=" ">
    <subfield code="1">0</subfield>
    <subfield code="2">2021-03-04</subfield>
    <subfield code="4">0</subfield>
    <subfield code="7">0</subfield>
    <subfield code="a">530.12 SGP</subfield>
    <subfield code="d">2021-03-04</subfield>
    <subfield code="h">SZM</subfield>
    <subfield code="i">00167157</subfield>
    <subfield code="m">SZM</subfield>
    <subfield code="r">2021-03-04 00:00:00</subfield>
    <subfield code="t">BOOK</subfield>
    <subfield code="w">ddc</subfield>
    <subfield code="y">0</subfield>
  </datafield>
  <datafield tag="952" ind1=" " ind2=" ">
    <subfield code="1">0</subfield>
    <subfield code="2">2021-03-04</subfield>
    <subfield code="4">0</subfield>
    <subfield code="7">0</subfield>
    <subfield code="a">530.12 SGP</subfield>
    <subfield code="d">2021-03-04</subfield>
    <subfield code="h">SZM</subfield>
    <subfield code="i">00167158</subfield>
    <subfield code="m">SZM</subfield>
    <subfield code="r">2021-03-04 00:00:00</subfield>
    <subfield code="t">BOOK</subfield>
    <subfield code="w">ddc</subfield>
    <subfield code="y">0</subfield>
  </datafield>
</record>
